000 00474nam a2200193Ia 4500
005 20240802035154.0
008 240331s9999 xx 000 0 und d
020 _a8885840027
082 _bGRO
_a376
245 0 _aGrowing together :
_bwomen,feminism and popular education
260 _aAmerica
_bIsis International
_c1988
300 _a94 p .,
650 _aWomen
650 _aFeminism
650 _aSocial
650 _aEconomic
650 _aPolitical
942 _cL
999 _c2989
_d2989